<?xml version="1.0" encoding="UTF-8"?>
<record
    xmlns:xsi="http://www.w3.org/2001/XMLSchema-instance"
    xsi:schemaLocation="http://www.loc.gov/MARC21/slim http://www.loc.gov/standards/marcxml/schema/MARC21slim.xsd"
    xmlns="http://www.loc.gov/MARC21/slim">

  <leader>01992nam a2200265 a 4500</leader>
  <controlfield tag="003">DO-SdBNP</controlfield>
  <controlfield tag="005">20240226130804.0</controlfield>
  <controlfield tag="008">220513e2016    dr ao||er|||| 001 edspa d</controlfield>
  <datafield tag="020" ind1=" " ind2=" ">
    <subfield code="a">9789945588729</subfield>
  </datafield>
  <datafield tag="040" ind1=" " ind2=" ">
    <subfield code="a">DO-SdBNP</subfield>
    <subfield code="b">spa</subfield>
    <subfield code="c">BNPHU</subfield>
  </datafield>
  <datafield tag="082" ind1=" " ind2="4">
    <subfield code="2">22</subfield>
    <subfield code="b">V635t</subfield>
  </datafield>
  <datafield tag="100" ind1="1" ind2=" ">
    <subfield code="a">Vicioso, Sherezada,</subfield>
    <subfield code="d">1948-</subfield>
    <subfield code="9">19504</subfield>
  </datafield>
  <datafield tag="245" ind1="1" ind2="3">
    <subfield code="a">El teatro seg&#xFA;n Chiqui Vicioso :</subfield>
    <subfield code="b">(antolog&#xED;a). /</subfield>
    <subfield code="c">Chiqui Vicioso</subfield>
  </datafield>
  <datafield tag="260" ind1=" " ind2=" ">
    <subfield code="a">Santo Domingo : </subfield>
    <subfield code="b">Direcci&#xF3;n General de la Feria del Libro, </subfield>
    <subfield code="c">2016</subfield>
  </datafield>
  <datafield tag="300" ind1=" " ind2=" ">
    <subfield code="a">273 p. : </subfield>
    <subfield code="b">il. fotogr. ; </subfield>
    <subfield code="c">23 cm.</subfield>
  </datafield>
  <datafield tag="500" ind1=" " ind2=" ">
    <subfield code="a">Incluye datos biogr&#xE1;ficos del autor en las solapas de las cubiertas.</subfield>
  </datafield>
  <datafield tag="505" ind1=" " ind2=" ">
    <subfield code="a">Presentaci&#xF3;n. </subfield>
    <subfield code="g">Obras:</subfield>
    <subfield code="t">El teatro dominicano : una visi&#xF3;n femenina o de g&#xE9;nero --</subfield>
    <subfield code="t">Trago amargo, Wish-ky sour.--</subfield>
    <subfield code="t">Perrer&#xED;as.--</subfield>
    <subfield code="t">Nuyor islas.--</subfield>
    <subfield code="t">Salom&#xE9; U : cartas a una ausencia.--</subfield>
    <subfield code="t">Magdalena.--</subfield>
    <subfield code="t">Obra.--</subfield>
    <subfield code="t">La carrera.--</subfield>
    <subfield code="t">Andrea Evangelina Rodr&#xED;guez --</subfield>
    <subfield code="g">Ensayos cr&#xED;ticos sobre teatro.</subfield>
    <subfield code="t">Camila Henr&#xED;quez Ure&#xF1;a, la hermana menor de Shakespeare.--</subfield>
    <subfield code="t">Por el Ed&#xE9;n de do&#xF1;a Carmen --</subfield>
    <subfield code="g">Cr&#xED;ticas teatrales.</subfield>
    <subfield code="t">Testimonio, espiritualidad y resistencia en el teatro de Chiqui Vicioso /</subfield>
    <subfield code="r">Vivian Mart&#xED;nez Tabares ; </subfield>
    <subfield code="t">Entre el amor y la ausencia : Salom&#xE9; Ure&#xF1;a a trav&#xE9;s de Chiqui Vicioso /
 </subfield>
    <subfield code="r">Beatriz J. Rizk.--</subfield>
    <subfield code="t"> La subversi&#xF3;n de las reglas del juego en el discurso femenino/feminista : Trago amargo/Wish-ky sour (1997), de Chiqui Vicioso.--</subfield>
    <subfield code="t">La dramaturgia de la inmigraci&#xF3;n : Nuyor/Islas de Chiqui Vicioso.--</subfield>
    <subfield code="t">Una visita de Chiqui Vicioso a Andrea Evangelina / </subfield>
    <subfield code="r">Nancy Morej&#xF3;n.--</subfield>
    <subfield code="t">En Casa de las Am&#xE9;ricas : la dominicanidad en el teatro de Chiqui Vicioso / </subfield>
    <subfield code="r">Yolanda Ricardo.--</subfield>
    <subfield code="t">Autoras de los ensayos cr&#xED;ticos.</subfield>
  </datafield>
  <datafield tag="590" ind1=" " ind2=" ">
    <subfield code="a">Inventariado 2022 / MF</subfield>
  </datafield>
  <datafield tag="600" ind1="1" ind2="0">
    <subfield code="a">Vicioso, Sherezada,</subfield>
    <subfield code="d">1948-</subfield>
    <subfield code="9">19504</subfield>
  </datafield>
  <datafield tag="650" ind1=" " ind2="4">
    <subfield code="9">7662</subfield>
    <subfield code="a">Cr&#xED;tica e Interpretaci&#xF3;n</subfield>
    <subfield code="x">Rep&#xFA;blica Dominicana</subfield>
  </datafield>
  <datafield tag="650" ind1=" " ind2="4">
    <subfield code="a">Vicioso, Sherezada, -- 1948- -- </subfield>
    <subfield code="x">Saber-- Teatro</subfield>
    <subfield code="9">81608</subfield>
  </datafield>
  <datafield tag="650" ind1=" " ind2="4">
    <subfield code="9">24515</subfield>
    <subfield code="a">Teatro </subfield>
    <subfield code="x">Historia y Cr&#xED;tica</subfield>
    <subfield code="z">Rep&#xFA;blica Dominicana</subfield>
  </datafield>
  <datafield tag="910" ind1=" " ind2=" ">
    <subfield code="a">MFeliz</subfield>
  </datafield>
  <datafield tag="942" ind1=" " ind2=" ">
    <subfield code="2">ddc</subfield>
    <subfield code="c">LBS1</subfield>
  </datafield>
  <datafield tag="952" ind1=" " ind2=" ">
    <subfield code="0">0</subfield>
    <subfield code="1">0</subfield>
    <subfield code="2">ddc</subfield>
    <subfield code="5">1</subfield>
    <subfield code="7">0</subfield>
    <subfield code="8">PD</subfield>
    <subfield code="a">BNPHU</subfield>
    <subfield code="b">BNPHU</subfield>
    <subfield code="c">HD</subfield>
    <subfield code="d">2021-04-19</subfield>
    <subfield code="e">Donado por Katherine Rodr&#xED;guez</subfield>
    <subfield code="o">V635t</subfield>
    <subfield code="p">2022-2069</subfield>
    <subfield code="r">2022-05-13</subfield>
    <subfield code="w">2022-05-13</subfield>
    <subfield code="y">LBS1</subfield>
    <subfield code="z">Ejemplar autografiado</subfield>
  </datafield>
  <datafield tag="999" ind1=" " ind2=" ">
    <subfield code="c">51717</subfield>
    <subfield code="d">51717</subfield>
  </datafield>
</record>
